Six characters in search of an author / (Record no. 2625)
[ view plain ]
| 000 -LEADER | |
|---|---|
| fixed length control field | 00674pam a2200193 4500 |
| 001 - CONTROL NUMBER | |
| control field | 3248 |
| 005 - DATE AND TIME OF LATEST TRANSACTION | |
| control field | 20181127170846.0 |
| 008 - FIXED-LENGTH DATA ELEMENTS--GENERAL INFORMATION | |
| fixed length control field | 970826s1998 nyu b 000 0 eng |
| 010 ## - LIBRARY OF CONGRESS CONTROL NUMBER | |
| LC control number | 97039835 |
| 020 ## - INTERNATIONAL STANDARD BOOK NUMBER | |
| International Standard Book Number | 0451526880 (alk. paper) |
| 041 1# - LANGUAGE CODE | |
| Language code of text/sound track or separate title | eng |
| Language code of original | ita |
| 100 1# - MAIN ENTRY--PERSONAL NAME | |
| Personal name | Pirandello, Luigi, |
| Dates associated with a name | 1867-1936. |
| 240 10 - UNIFORM TITLE | |
| Uniform title | Sei personaggi in cerca d'autore. |
| Language of a work | English |
| 245 10 - TITLE STATEMENT | |
| Title | Six characters in search of an author / |
| Statement of responsibility, etc. | by Luigi Pirandello ; English version and introduction by Eric Bentley. |
| 260 ## - PUBLICATION, DISTRIBUTION, ETC. | |
| Place of publication, distribution, etc. | New York : |
| Name of publisher, distributor, etc. | Signet Classic Book, |
| Date of publication, distribution, etc. | 1998. |
| 300 ## - PHYSICAL DESCRIPTION | |
| Extent | xxx, 82 p. ; |
| Dimensions | 18 cm. |
| 504 ## - BIBLIOGRAPHY, ETC. NOTE | |
| Bibliography, etc. note | Includes bibliographical references (p.[81]-82). |
| 700 1# - ADDED ENTRY--PERSONAL NAME | |
| Personal name | Bentley, Eric, |
| Dates associated with a name | 1916- |
| Withdrawn status | Lost status | Source of classification or shelving scheme | Damaged status | Not for loan | Collection code | Home library | Current library | Shelving location | Serial Enumeration / chronology | Inventory number | Total Checkouts | Full call number | Barcode | Date last seen | Price effective from | Koha item type |
|---|---|---|---|---|---|---|---|---|---|---|---|---|---|---|---|---|
| Dewey Decimal Classification | Main TEST | RTC Library | RTC Library | Main opac | 5698 | 852.9 PIR | 30002244 | 27/11/2018 | 27/11/2018 | Main |